000 00353nam a2200133Ia 4500
005 20260328104310.0
008 260328s9999||||xx |||||||||||||| ||und||
100 _aKrippner, Roland
245 0 _aGebäudeintegrierte SolArtechnik /
_cRoland Krippner
260 _bDetail Green books
300 _a144 p.
650 _aARQUITECTURA Y CLIMA
942 _cBK
999 _c10916
_d10916